000 01573nam a2200421 i 4500
001 40084
003 KOSZ 005
005 20211215121918.0
008 021026s2001 pl f f |001 0 pol
015 _aPB 2002/394
020 _a8388283715
040 _aWA N
_cWA N
_dKOSZ 005/HR
041 0 _apol
046 _k2001
080 _a004.438
080 _a(075.8)
100 1 _aBiałko, Michał
_d(1929-2020)
_eAutor
245 1 0 _aProgramowanie w języku CLIPS 6.0 :
_bpodręcznik do ćwiczeń laboratoryjnych z przedmiotu "systemy ekspertowe" /
_cMichał Białko, Katarzyna Musiał ; Politechnika Koszalińska.
260 _aKoszalin :
_bWydaw. Uczelniane PK,
_c2001.
300 _a175 s. ;
_c24 cm.
336 _2rdacontent
_aTekst
_btxt
337 _2rdamedia
_aBez urządzenia pośredniczącego
_bn
338 _2rdacarrier
_aWolumin
_bnc
380 _aKsiążki
380 _aPublikacje dydaktyczne
385 _mPoziom nauczania
_aSzkoły wyższe
388 _a2001-
504 _aBibliogr. Indeks.
521 8 _aSkrypt Wydz. Elektroniki.
655 4 _aPodręczniki akademickie
658 _aInformatyka i technologie informacyjne
650 4 _aCLIPS (język programowania)
700 1 _aMusiał, Katarzyna
_eAutor
710 2 _aWydawnictwo Uczelniane (Politechnika Koszalińska)
_4pbl
856 _uhttp://koha.tu.koszalin.pl/cgi-bin/koha/opac-detail.pl?biblionumber=40084
_yKatalog online BPK
856 _uhttp://dlibra.tu.koszalin.pl/dlibra/docmetadata?id=515
_yBiblioteka Cyfrowa
942 _2UKD
_cKS
999 _c40084
_d40084